Directions how to hear sermons : A sermon preached at Christ's Church in Spittlefields, London. By George Whitefield, ...

Bibliographic Details
Main Author: Whitefield, George, 1714-1770
Format: eBook
Language:English
Series:Eighteenth century collections online.
Online Access:Full text online

MARC

Tag First Indicator Second Indicator Subfields
LEADER 00000cam a2200000 4500
001 in00001908594
006 m | d |
007 cr |n||||||||n
008 830916s1739 enk|||| s 00||||eng d
005 20260414182259.8
035 |a (CStRLIN)ESTCN2140 
040 |a Cu-RivES  |c Cu-RivES  |d CStRLIN  |d Thomson Gale  |d UtOrBLW 
100 1 |a Whitefield, George,  |d 1714-1770. 
245 1 0 |a Directions how to hear sermons :  |b A sermon preached at Christ's Church in Spittlefields, London. By George Whitefield, ... 
264 3 |a London :  |b printed for C. Whitefield, in the year,  |c 1739. 
300 |a 18p., plate ;  |c 8⁰. 
336 |a text  |b txt  |2 rdacontent 
337 |a computer  |b c  |2 rdamedia 
338 |a online resource  |b cr  |2 rdacarrier 
500 |a Reproduction of original from the John Rylands University Library of Manchester. 
510 4 |a English Short Title Catalog,  |c ESTCN2140. 
533 |a Electronic reproduction.  |b Farmington Hills, Mich. :  |c Thomson Gale,  |d 2003.  |n Available via the World Wide Web.  |n Access limited by licensing agreements  |7 s2003 miunns 
500 |a Electronic resource. 
830 0 |a Eighteenth century collections online. 
856 4 0 |u http://proxy.library.tamu.edu/login?url=https://galenet.galegroup.com/servlet/ECCO?c=1&stp=Author&ste=11&af=BN&ae=N002140&tiPG=1&dd=0&dc=flc&docNum=CW121848910&vrsn=1.0&srchtp=a&d4=0.33&n=10&SU=0LRF&locID=txshracd2898  |z Full text online  |t 0 
999 |a MARS 
999 f f |s 9b8b5c98-45d1-3a17-a2cf-21ea1bbb29b4  |i a839682b-232e-3b20-9bfb-fd723563faeb  |t 0 
952 f f |a Texas A&M University  |b College Station  |c Electronic Resources  |s www_evans  |d Available Online  |t 0  |h No information provided 
998 f f |t 0  |l Available Online